000 00315nam a2200121Ia 4500
008 220204s9999 xx 000 0 und d
082 _a634.616
_bWOO
100 _aWOODROOF, Jasper Guy
245 0 _aCoconuts: Production processing and products
260 _aWest Port
_bAvi
_c1970
650 _aCoconut
942 _cBK
999 _c24973
_d24973